[Event "SLO-chT1 East 29th"]
[Site "Slovenia"]
[Date "2019.10.19"]
[Round "8.1"]
[White "Bratkovic, Sham"]
[Black "Krnjovsek, Andrej"]
[Result "1-0"]
[WhiteElo "2227"]
[BlackElo "2036"]
[PlyCount "127"]
[EventDate "2019.09.06"]
[EventType "team-tourn"]
[EventRounds "9"]
[EventCountry "SLO"]
[SourceTitle "CBM 192 Extra"]
[Source "Chessbase"]
[SourceDate "2019.11.06"]
[SourceVersion "1"]
[SourceVersionDate "2019.11.06"]
[SourceQuality "1"]
[WhiteTeam "Maribor II"]
[BlackTeam "Slovenj Gradec"]
[WhiteTeamCountry "SLO"]
[BlackTeamCountry "SLO"]

1. e4 e5 2. Nf3 Nc6 3. Bb5 a6 4. Ba4 Nf6 5. 0-0 b5 6. Bb3 Be7 7. Re1 0-0 8. d4 d6 9. c3 Bg4 10. Be3 Na5 11. dxe5 Bxf3 12. Qxf3 dxe5 13. Bc2 Nc4 14. Bc1 c5 15. b3 Nb6 16. Nd2 Qc8 17. Qg3 Bd6 18. h3 Qe6 19. Nf1 Rfe8 20. Ne3 g6 21. Nf5 Bf8 22. Bg5 Kh8 23. Nh6 Ng8 24. Nxg8 Kxg8 25. Rad1 f6 26. Bc1 Red8 27. f4 Qe7 28. fxe5 Qxe5 29. Bf4 Qe6 30. Bc7 Rxd1 31. Rxd1 Rc8 32. Bd6 Rd8 33. Bxf8 Rxd1+ 34. Bxd1 Kxf8 35. Qb8+ Ke7 36. Bg4 f5 37. exf5 gxf5 38. Bxf5 Qxf5 39. Qxb6 Qe5 40. Qb7+ Kd8 41. Qf3 h5 42. Kf2 Kc8 43. Qe3 Qf5+ 44. Kg3 Qg6+ 45. Kh2 Qf5 46. h4 Qd5 47. Qh3+ Kc7 48. Qf3 Qd2 49. a4 bxa4 50. bxa4 a5 51. Qf7+ Kc6 52. Qe6+ Kc7 53. Qf7+ Kb6 54. Qxh5 Qxc3 55. Qe8 Qb4 56. Qe6+ Kc7 57. Qf7+ Kd6 58. Qf6+ Kd5 59. h5 Qg4 60. h6 Qh5+ 61. Kg3 c4 62. Qf3+ Qxf3+ 63. Kxf3 c3 64. Ke3 1-0

[Event "SLO-chT1 East"]
[Site "Slovenia"]
[Date "2019.09.08"]
[Round "3.3"]
[White "Krnjovsek, Andrej"]
[Black "Medvesek, Janez"]
[Result "1-0"]
[WhiteElo "2036"]
[BlackElo "1797"]
[PlyCount "121"]
[EventDate "2019.09.06"]
[EventType "team-tourn"]
[EventRounds "9"]
[EventCountry "SLO"]
[SourceTitle "EXT 2020"]
[Source "ChessBase"]
[SourceDate "2019.10.17"]
[SourceVersion "1"]
[SourceVersionDate "2019.10.17"]
[SourceQuality "1"]
[WhiteTeam "Slovenj Gradec"]
[BlackTeam "Zagorje ob Savi"]
[WhiteTeamCountry "SLO"]
[BlackTeamCountry "SLO"]

1. e4 c6 2. d4 d5 3. Nc3 dxe4 4. Nxe4 Bf5 5. Ng3 Bg6 6. Nf3 Nf6 7. Bd3 Bxd3 8. Qxd3 e6 9. 0-0 Be7 10. c4 c5 11. Rd1 cxd4 12. Qxd4 Nc6 13. Qxd8+ Rxd8 14. Rxd8+ Bxd8 15. Bf4 0-0 16. Rd1 Be7 17. Ne5 Nxe5 18. Bxe5 Rd8 19. Rxd8+ Bxd8 20. Bd4 a6 21. Bc5 Nd7 22. Bd6 f5 23. Kf1 Kf7 24. Ke2 g6 25. Kd3 Bb6 26. f3 e5 27. Ne2 Ke6 28. Ba3 Nc5+ 29. Kc3 g5 30. b4 Nd7 31. Bc1 Bd8 32. Kd3 h5 33. h3 g4 34. hxg4 hxg4 35. fxg4 fxg4 36. Ng3 Be7 37. Bd2 Nf8 38. Ke4 Ng6 39. Nf5 Bf8 40. g3 Ne7 41. Nxe7 Bxe7 42. c5 a5 43. a3 axb4 44. axb4 Bf8 45. Bc3 Bg7 46. b5 Bf8 47. c6 bxc6 48. bxc6 Bd6 49. Ba5 Bc5 50. Bc7 Bd4 51. Bb8 Bc3 52. Bc7 Bd4 53. Bb8 Bc3 54. Kd3 Bd4 55. Kc4 Bb2 56. Kb5 Bd4 57. Ka6 Bc3 58. c7 Kd5 59. c8Q Bd4 60. Qxg4 e4 61. Qe2 1-0

[Event "SLO-chT1 East"]
[Site "Slovenia"]
[Date "2018.11.09"]
[Round "7"]
[White "Krnjovsek, Andrej"]
[Black "Marn, Jan"]
[Result "0-1"]
[WhiteElo "1989"]
[BlackElo "2114"]
[PlyCount "140"]
[EventDate "2018.09.28"]
[EventType "team-tourn"]
[EventRounds "9"]
[EventCountry "SLO"]
[SourceTitle "EXT 2021"]
[Source "ChessBase"]
[SourceDate "2020.10.23"]
[SourceVersion "1"]
[SourceVersionDate "2020.10.23"]
[SourceQuality "1"]

1. e4 e5 2. Nf3 Nc6 3. Bb5 g6 4. 0-0 Bg7 5. c3 Nge7 6. d4 exd4 7. cxd4 a6 8. Ba4 b5 9. Bb3 d6 10. Nc3 0-0 11. h3 Na5 12. Bc2 Bb7 13. Bg5 h6 14. Bf4 f5 15. e5 Kh8 16. Re1 Nd5 17. Nxd5 Bxd5 18. b3 Nc6 19. Rc1 g5 20. Bh2 Ne7 21. Qd3 Bb7 22. a4 Qd7 23. Bb1 Nd5 24. a5 Rae8 25. Re2 Re7 26. Rce1 Ree8 27. Rc1 Nb4 28. Qc3 Nd5 29. Qd3 Qd8 30. Qc2 b4 31. Qc4 Qd7 32. Ree1 Rd8 33. Bd3 Qf7 34. Qc2 Nc3 35. e6 Qe7 36. Bxf5 Bxf3 37. gxf3 Bxd4 38. Qd3 Bg7 39. Bg4 Ra8 40. Qg6 Rf6 41. Qd3 Nb5 42. Qd5 Rd8 43. Bg3 Rff8 44. Kg2 Bf6 45. Rh1 Nc3 46. Qd3 Ra8 47. Rce1 Qh7 48. Bf5 Qg7 49. Bg4 Be7 50. h4 gxh4 51. Bxh4 Bxh4 52. Rxh4 Rf6 53. Reh1 Rxe6 54. Qc4 Rf6 55. Qxb4 Nd5 56. Qb7 Nf4+ 57. Kg3 Raf8 58. Qxa6 Ne6 59. Re1 Rxf3+ 60. Kg2 Rxf2+ 61. Kh1 Qg5 62. Rh5 Qxg4 63. Rxh6+ Kg7 64. Rg1 Rf1 65. Rxf1 Qe4+ 66. Kh2 Qe5+ 67. Kh1 Qd5+ 68. Kh2 Qd2+ 69. Kg1 Qg5+ 70. Kh1 Qxh6+ 0-1

[Event "SLO-chT1 East"]
[Site "Slovenia"]
[Date "2016.11.27"]
[Round "9"]
[White "Krnjovsek, Andrej"]
[Black "Lipovsek, Miran"]
[Result "1/2-1/2"]
[WhiteElo "1984"]
[BlackElo "1904"]
[PlyCount "84"]
[EventDate "2016.09.23"]
[EventType "team-tourn"]
[EventRounds "9"]
[EventCountry "SLO"]
[SourceTitle "EXT 2019"]
[Source "ChessBase"]
[SourceDate "2018.10.10"]
[SourceVersion "1"]
[SourceVersionDate "2018.10.10"]
[SourceQuality "1"]
[WhiteTeam "Slovenj Gradec"]
[BlackTeam "Fram"]
[WhiteTeamCountry "SLO"]
[BlackTeamCountry "SLO"]

1. e4 e5 2. Nf3 Nc6 3. Bb5 Nf6 4. 0-0 d6 5. Re1 Be7 6. c3 0-0 7. h3 Bd7 8. d4 a6 9. Ba4 b5 10. Bc2 Qc8 11. Nbd2 Ne8 12. Nf1 Kh8 13. Ng3 g6 14. Kh2 Ng7 15. Bh6 f6 16. Qd2 Nd8 17. Rad1 Nf7 18. Bxg7+ Kxg7 19. Bb3 Nh6 20. Re2 c6 21. dxe5 fxe5 22. Nxe5 Bxh3 23. gxh3 dxe5 24. Qd7 Qe8 25. Qe6 Bc5 26. Rd7+ Kh8 27. Qxe8 Raxe8 28. Kg2 Rf6 29. Red2 Ref8 30. Nh1 g5 31. Rc7 Bb6 32. Rb7 Rd8 33. Rxd8+ Bxd8 34. Rb8 Rd6 35. Kf3 Kg7 36. Rb7+ Kg6 37. Ng3 a5 38. a4 b4 39. Bc4 Rd2 40. cxb4 Rxb2 41. b5 Rc2 42. Be6 cxb5 1/2-1/2

[Event "SLO-chT1 East"]
[Site "Slovenia"]
[Date "2016.09.25"]
[Round "3"]
[White "Krnjovsek, Andrej"]
[Black "Hercog, Nusa"]
[Result "1/2-1/2"]
[WhiteElo "1984"]
[BlackElo "1961"]
[PlyCount "86"]
[EventDate "2016.09.23"]
[EventType "team-tourn"]
[EventRounds "9"]
[EventCountry "SLO"]
[SourceTitle "EXT 2019"]
[Source "ChessBase"]
[SourceDate "2018.10.10"]
[SourceVersion "1"]
[SourceVersionDate "2018.10.10"]
[SourceQuality "1"]
[WhiteTeam "Slovenj Gradec"]
[BlackTeam "Celjski"]
[WhiteTeamCountry "SLO"]
[BlackTeamCountry "SLO"]

1. e4 c5 2. Nf3 Nc6 3. d4 cxd4 4. Nxd4 e6 5. Nc3 Qc7 6. Be3 a6 7. Bd3 Nf6 8. 0-0 Ne5 9. h3 Bc5 10. Qe2 d6 11. f4 Ng6 12. Nb3 Bxe3+ 13. Qxe3 b5 14. e5 dxe5 15. Bxg6 hxg6 16. fxe5 Nd5 17. Nxd5 exd5 18. Nc5 Bf5 19. e6 0-0 20. Rae1 Kh7 21. e7 Rfe8 22. Qd4 Qd6 23. b4 Kg8 24. Qe5 Qc6 25. Rf2 a5 26. a3 axb4 27. axb4 Ra7 28. Ree2 Raxe7 29. Qxe7 Rxe7 30. Rxe7 Qd6 31. Rfe2 Qf6 32. R7e5 d4 33. Re8+ Kh7 34. Ne4 Bxe4 35. R2xe4 g5 36. R8e5 Qc6 37. Rxd4 Qxc2 38. Red5 f6 39. Rxb5 Qc1+ 40. Kh2 Qc7+ 41. Kg1 Qc1+ 42. Kh2 Qc7+ 43. Kg1 Qc1+ 1/2-1/2

[Event "SLO-chT1 East"]
[Site "Slovenia"]
[Date "2016.09.24"]
[Round "2"]
[White "Grah, Matej"]
[Black "Krnjovsek, Andrej"]
[Result "1/2-1/2"]
[WhiteElo "1894"]
[BlackElo "1984"]
[PlyCount "69"]
[EventDate "2016.09.23"]
[EventType "team-tourn"]
[EventRounds "9"]
[EventCountry "SLO"]
[SourceTitle "EXT 2019"]
[Source "ChessBase"]
[SourceDate "2018.10.10"]
[SourceVersion "1"]
[SourceVersionDate "2018.10.10"]
[SourceQuality "1"]
[WhiteTeam "Pomgrad Radenska II"]
[BlackTeam "Slovenj Gradec"]
[WhiteTeamCountry "SLO"]
[BlackTeamCountry "SLO"]

1. e4 e5 2. Nf3 Nc6 3. d4 exd4 4. Nxd4 Bc5 5. Be3 Qf6 6. c3 Nge7 7. Bc4 d6 8. 0-0 a6 9. a4 Ne5 10. Be2 0-0 11. Kh1 Bd7 12. f4 N5g6 13. Qd2 h6 14. g4 Nc6 15. b4 Bb6 16. Na3 Qe7 17. Bd3 Bxg4 18. Qg2 Qh4 19. Rg1 h5 20. Bf1 Nxd4 21. cxd4 Nxf4 22. Bxf4 Bxd4 23. Rc1 Bxg1 24. Kxg1 Qf6 25. Qd2 Rac8 26. Nc4 Bf3 27. e5 Qg6+ 28. Kf2 d5 29. Kxf3 dxc4 30. Rxc4 Rcd8 31. Rd4 Qc6+ 32. Kg3 Qg6+ 33. Kf3 Qc6+ 34. Kg3 Qg6+ 35. Kf3 1/2-1/2

[Event "SLO-chT1 East"]
[Site "Slovenia"]
[Date "2015.11.07"]
[Round "5"]
[White "Krnjovsek, Andrej"]
[Black "Nerat, Ivan"]
[Result "0-1"]
[WhiteElo "1969"]
[BlackElo "2024"]
[PlyCount "70"]
[EventDate "2015.10.16"]
[EventType "team-tourn"]
[EventRounds "9"]
[EventCountry "SLO"]
[SourceTitle "EXT 2019"]
[Source "ChessBase"]
[SourceDate "2018.10.10"]
[SourceVersion "1"]
[SourceVersionDate "2018.10.10"]
[SourceQuality "1"]
[WhiteTeam "Slovenj Gradec"]
[BlackTeam "Rokada Lendava"]
[WhiteTeamCountry "SLO"]
[BlackTeamCountry "SLO"]

1. e4 e5 2. Nf3 Nc6 3. Bb5 a6 4. Ba4 Nf6 5. 0-0 b5 6. Bb3 Be7 7. Re1 0-0 8. h3 d6 9. c3 Na5 10. Bc2 c5 11. d4 Qc7 12. Nbd2 cxd4 13. cxd4 Nc6 14. d5 Nb4 15. Bb1 a5 16. Nf1 Bd7 17. a3 Na6 18. Be3 Bd8 19. Bd3 Qb8 20. Qe2 Ne8 21. Ng3 g6 22. Nh2 Bb6 23. Bxb6 Qxb6 24. Qe3 Qxe3 25. fxe3 Nc5 26. Bc2 a4 27. Ne2 Nf6 28. Ng3 Rab8 29. Nf3 b4 30. Rac1 bxa3 31. bxa3 Rb2 32. Nd2 Bb5 33. Ne2 Bd3 34. Bxd3 Nxd3 35. Nc4 Rxe2 0-1

[Event "SLO-chT1 East"]
[Site "Sentjur"]
[Date "2013.10.20"]
[Round "5"]
[White "Krnjovsek, Andrej"]
[Black "Amon, Nejc"]
[Result "0-1"]
[WhiteElo "1998"]
[BlackElo "1866"]
[PlyCount "120"]
[EventDate "2013.10.17"]
[EventType "team-tourn"]
[EventRounds "9"]
[EventCountry "SLO"]
[SourceTitle "EXT 2015"]
[Source "ChessBase"]
[SourceDate "2014.11.20"]
[SourceVersion "1"]
[SourceVersionDate "2014.11.20"]
[SourceQuality "1"]

1. e4 e5 2. Nf3 Nc6 3. Bb5 a6 4. Ba4 Nge7 5. 0-0 g6 6. c3 Bg7 7. d3 0-0 8. Bg5 d6 9. h3 Kh8 10. Qd2 f5 11. Qe2 Bf6 12. Bh6 Bg7 13. Bxg7+ Kxg7 14. Nbd2 f4 15. d4 h6 16. dxe5 dxe5 17. Rfd1 b5 18. Bb3 Qe8 19. a4 Rb8 20. axb5 axb5 21. Bd5 g5 22. Nh2 Qg6 23. f3 h5 24. b4 Nd8 25. Ba2 Qb6+ 26. Qf2 Qxf2+ 27. Kxf2 Ne6 28. Nb3 Ra8 29. Na5 Rd8 30. Bb3 Rxd1 31. Rxd1 Ra6 32. Nf1 c5 33. Bd5 cxb4 34. cxb4 Nd4 35. Rc1 Nxd5 36. exd5 Bf5 37. Rc5 Rd6 38. Nd2 Bd3 39. Ne4 Bxe4 40. fxe4 Kf6 41. Rc3 g4 42. hxg4 hxg4 43. Nc6 Nxc6 44. dxc6 Rd8 45. Rc5 Rc8 46. c7 Ke6 47. Ke2 Kd6 48. Rxb5 Rxc7 49. Rd5+ Ke6 50. b5 Rc2+ 51. Kf1 Rc4 52. Rd8 Rxe4 53. b6 Rb4 54. Rb8 Kf5 55. b7 Ke4 56. Rg8 Rb1+ 57. Ke2 f3+ 58. Kf2 Rb2+ 59. Kf1 Rxb7 60. Rxg4+ Ke3 0-1

[Event "SLO-chT1 East"]
[Site "Sentjur"]
[Date "2013.10.19"]
[Round "4"]
[White "Mazej, Jernej"]
[Black "Krnjovsek, Andrej"]
[Result "1-0"]
[WhiteElo "2111"]
[BlackElo "1998"]
[PlyCount "73"]
[EventDate "2013.10.17"]
[EventType "team-tourn"]
[EventRounds "9"]
[EventCountry "SLO"]
[SourceTitle "EXT 2015"]
[Source "ChessBase"]
[SourceDate "2014.11.20"]
[SourceVersion "1"]
[SourceVersionDate "2014.11.20"]
[SourceQuality "1"]

1. b3 e5 2. Bb2 d6 3. g3 Nf6 4. Bg2 Be7 5. d3 0-0 6. Nf3 c6 7. 0-0 Bg4 8. h3 Bxf3 9. Bxf3 Nbd7 10. c4 Ne8 11. Nd2 f5 12. b4 Rb8 13. a4 Nc7 14. Qb3 Kh8 15. a5 Qc8 16. Rfc1 a6 17. Bg2 Nf6 18. Nf3 Qe8 19. Nd2 Qh5 20. c5 e4 21. cxd6 Bxd6 22. Nc4 Be7 23. Be5 Rbc8 24. Nb6 Ncd5 25. Nxc8 Rxc8 26. d4 Qxe2 27. Bxf6 Bxf6 28. Qxd5 Rd8 29. Qxf5 Bxd4 30. Re1 Qd2 31. Rad1 Qxb4 32. Bxe4 g6 33. Qe6 Rf8 34. Re2 Qc5 35. Rdd2 Qc3 36. Kg2 c5 37. Bxb7 1-0

[Event "SLO-chT1 Ost"]
[Site "Maribor"]
[Date "2012.10.19"]
[Round "6"]
[White "Krnjovsek, Andrej"]
[Black "Pirs, Matjaz"]
[Result "1/2-1/2"]
[WhiteElo "2045"]
[BlackElo "2055"]
[PlyCount "33"]
[EventDate "2012.10.11"]
[EventType "team-tourn"]
[EventRounds "9"]
[EventCountry "SLO"]
[SourceTitle "EXT 2022"]
[Source "ChessBase"]
[SourceDate "2021.10.06"]
[SourceVersion "1"]
[SourceVersionDate "2021.10.06"]
[SourceQuality "1"]

1. e4 e6 2. d4 d5 3. exd5 exd5 4. Bd3 Bd6 5. Nf3 Nf6 6. 0-0 0-0 7. Bg5 Nbd7 8. Re1 Re8 9. Rxe8+ Qxe8 10. Nc3 h6 11. Bh4 c6 12. Qe1 Qxe1+ 13. Rxe1 g5 14. Bg3 Bxg3 15. fxg3 Kf8 16. Na4 b5 17. Nc3 1/2-1/2

[Event "SLO-chT1 Ost"]
[Site "Maribor"]
[Date "2012.10.12"]
[Round "2"]
[White "Grilc, Andrej"]
[Black "Krnjovsek, Andrej"]
[Result "1-0"]
[WhiteElo "2105"]
[BlackElo "2045"]
[PlyCount "59"]
[EventDate "2012.10.11"]
[EventType "team-tourn"]
[EventRounds "9"]
[EventCountry "SLO"]
[SourceTitle "EXT 2022"]
[Source "ChessBase"]
[SourceDate "2021.10.06"]
[SourceVersion "1"]
[SourceVersionDate "2021.10.06"]
[SourceQuality "1"]

1. e4 e5 2. Nf3 Nc6 3. Bb5 a6 4. Ba4 Nf6 5. 0-0 b5 6. Bb3 Be7 7. Re1 0-0 8. h3 d6 9. c3 Na5 10. Bc2 c5 11. d4 Qc7 12. Nbd2 Bd7 13. Nf1 Rac8 14. dxe5 dxe5 15. Ne3 Rcd8 16. Nd5 Nxd5 17. exd5 Bd6 18. Ng5 f5 19. Qh5 h6 20. Ne6 Bxe6 21. dxe6 Rf6 22. Bxf5 Rdf8 23. Be4 g5 24. h4 Rxf2 25. Be3 Rxb2 26. Rf1 Qg7 27. Rxf8+ Bxf8 28. Rf1 gxh4 29. Rf7 Qg3 30. Rxf8+ 1-0

[Event "SLO-chT1 Ost"]
[Site "Sentjur"]
[Date "2010.11.20"]
[Round "8"]
[White "Krnjovsek, Andrej"]
[Black "Spelec, Darko"]
[Result "1/2-1/2"]
[WhiteElo "2110"]
[BlackElo "2014"]
[PlyCount "109"]
[EventDate "2010.11.04"]
[EventType "team-tourn"]
[EventRounds "9"]
[EventCountry "SLO"]
[SourceTitle "EXT 2022"]
[Source "ChessBase"]
[SourceDate "2021.10.06"]
[SourceVersion "1"]
[SourceVersionDate "2021.10.06"]
[SourceQuality "1"]
[WhiteTeam "Slovenj Gradec"]
[BlackTeam "Maribor Kovinar Nova"]
[WhiteTeamCountry "SLO"]
[BlackTeamCountry "SLO"]

1. e4 e6 2. d4 d5 3. exd5 exd5 4. Nf3 Bd6 5. Bd3 Ne7 6. Bg5 f6 7. Bh4 0-0 8. Bg3 Ng6 9. 0-0 Nf4 10. c3 Nxd3 11. Qxd3 Nc6 12. Nbd2 Ne7 13. Rfe1 Nf5 14. Bxd6 Qxd6 15. Nf1 Bd7 16. Ng3 Nxg3 17. hxg3 Rfe8 18. Qd2 Re4 19. Re3 Rxe3 20. Qxe3 Re8 21. Qd3 Re4 22. Re1 Qe6 23. Qd2 Rxe1+ 24. Qxe1 Qxe1+ 25. Nxe1 Bb5 26. f3 Kf7 27. Kf2 Ke6 28. Ke3 g5 29. Nc2 Bf1 30. Kf2 Bd3 31. Ne3 h5 32. Ke1 b6 33. Kd2 Bb5 34. b4 Bd7 35. g4 h4 36. Nf5 Bb5 37. Ke3 Bc4 38. a3 Ba2 39. Ke2 Bb1 40. Ne3 Kd6 41. Kd2 c5 42. Nd1 Kc6 43. bxc5 bxc5 44. Nb2 f5 45. gxf5 Bxf5 46. Na4 cxd4 47. cxd4 Kb5 48. Nb2 Kc6 49. Ke3 Kd6 50. Na4 Bc2 51. Nc3 Kc6 52. Kf2 Bb3 53. g4 Bc4 54. Kg2 Kd6 55. Kf2 1/2-1/2

[Event "SLO-CupT"]
[Site "Slovenia"]
[Date "2010.05.23"]
[Round "2"]
[White "Brcar, Ales"]
[Black "Krnjovsek, Andrej"]
[Result "1-0"]
[WhiteElo "1923"]
[BlackElo "2110"]
[PlyCount "139"]
[EventDate "2010.05.09"]
[EventType "team-swiss"]
[EventRounds "5"]
[EventCountry "SLO"]
[SourceTitle "EXT 2024"]
[Source "ChessBase"]
[SourceDate "2023.10.10"]
[SourceVersion "1"]
[SourceVersionDate "2023.10.10"]
[SourceQuality "1"]
[WhiteTeam "Trebnje BMP"]
[BlackTeam "Slovenj Gradec"]
[WhiteTeamCountry "SLO"]
[BlackTeamCountry "SLO"]

1. e4 e5 2. Nf3 Nc6 3. Bb5 a6 4. Ba4 Nf6 5. Qe2 b5 6. Bb3 Be7 7. 0-0 0-0 8. c3 d6 9. Rd1 Bg4 10. h3 Bh5 11. d3 Na5 12. Bc2 c5 13. Nbd2 Qc7 14. Nf1 Nc6 15. Ng3 Bg6 16. Nh4 Rfe8 17. Ngf5 Bf8 18. Bg5 Ne7 19. Bxf6 gxf6 20. Qg4 Rad8 21. a4 d5 22. axb5 axb5 23. Ra6 dxe4 24. dxe4 Rxd1+ 25. Bxd1 Nc6 26. Ne3 Ne7 27. Nhf5 Qb7 28. Rxf6 Rd8 29. Bc2 Bg7 30. Nxg7 Kxg7 31. Qg5 Qc7 32. Ng4 Ng8 33. Rf3 Re8 34. h4 h6 35. Nxh6 Nxh6 36. h5 Qe7 37. Qxe7 Rxe7 38. hxg6 Kxg6 39. Rd3 f6 40. Rd5 Rc7 41. Bd3 c4 42. Bc2 Rb7 43. Kf1 Ng8 44. g3 Ne7 45. Rc5 Rb6 46. Ke2 Kf7 47. Ke3 Ke6 48. Rc7 Kd6 49. Ra7 Nc6 50. Rh7 Ke6 51. f4 Rb8 52. f5+ Kd6 53. Rf7 b4 54. Rxf6+ Kc7 55. Ba4 Nd8 56. g4 Ra8 57. Bb5 bxc3 58. bxc3 Ra3 59. Kd2 Ra2+ 60. Kc1 Ra3 61. Kc2 Ra2+ 62. Kb1 Re2 63. g5 Rxe4 64. g6 Rg4 65. Bxc4 Kd7 66. Ra6 e4 67. Ra7+ Ke8 68. g7 e3 69. Be2 Rg5 70. Bh5+ 1-0

[Event "Bled op 15th"]
[Site "Bled"]
[Date "1994.??.??"]
[Round "?"]
[White "Krnjovsek, Andrej"]
[Black "Basagic, Zlatko"]
[Result "0-1"]
[WhiteElo "2075"]
[BlackElo "2420"]
[PlyCount "103"]
[EventDate "1994.03.??"]
[EventType "swiss"]
[EventRounds "9"]
[EventCountry "SLO"]
[SourceTitle "TD"]
[Source "ChessBase"]
[SourceDate "1994.03.01"]
[SourceVersion "1"]
[SourceVersionDate "1994.03.01"]
[SourceQuality "1"]

1. e4 e5 2. Nf3 Nc6 3. Bb5 Bc5 4. 0-0 Nge7 5. c3 Bb6 6. d4 exd4 7. cxd4 d5 8. exd5 Nxd5 9. Re1+ Be6 10. Ne5 Nde7 11. Be3 0-0 12. Nxc6 Nxc6 13. Bxc6 bxc6 14. Nc3 Bd5 15. Qh5 Qd6 16. Nxd5 cxd5 17. Qf5 Rae8 18. Rad1 Re6 19. a3 Rfe8 20. Qd3 h6 21. Bd2 Re4 22. Bc3 Qg6 23. Qd2 Qf6 24. Kf1 Qd6 25. Kg1 Qf6 26. Kf1 Qc6 27. Kg1 Qc4 28. Rxe4 Rxe4 29. g3 f5 30. Re1 Kh7 31. Rxe4 fxe4 32. Qf4 Qc6 33. Qf5+ Kg8 34. Qe5 Qd7 35. Kg2 Kf7 36. Bb4 Qe6 37. Qxe6+ Kxe6 38. Bc3 g6 39. Kf1 c5 40. dxc5 Bxc5 41. Ke2 d4 42. Ba5 d3+ 43. Ke1 Kd5 44. Bd2 h5 45. b4 Bd4 46. a4 a6 47. Bf4 Kc4 48. Bd6 Bc3+ 49. Kd1 Bxb4 50. Bc7 Bc5 51. Ke1 Kb3 52. a5 0-1

[Event "Bled op 15th"]
[Site "Bled"]
[Date "1994.??.??"]
[Round "?"]
[White "Krnjovsek, Andrej"]
[Black "Illijin, Neboisa"]
[Result "1/2-1/2"]
[WhiteElo "2075"]
[BlackElo "2290"]
[PlyCount "88"]
[EventDate "1994.03.??"]
[EventType "swiss"]
[EventRounds "9"]
[EventCountry "SLO"]
[SourceTitle "TD"]
[Source "ChessBase"]
[SourceDate "1994.03.01"]
[SourceVersion "1"]
[SourceVersionDate "1994.03.01"]
[SourceQuality "1"]

1. e4 c5 2. c3 d5 3. exd5 Qxd5 4. d4 e6 5. Nf3 Nf6 6. Be2 Nc6 7. 0-0 cxd4 8. cxd4 Qd8 9. Nc3 Be7 10. Be3 0-0 11. Rc1 Nd5 12. Bd3 Ncb4 13. Bb1 Bd7 14. Ne5 Be8 15. a3 Nxc3 16. Rxc3 Nd5 17. Rc1 f5 18. Bd3 Bf6 19. Be2 Qe7 20. Bf3 Nxe3 21. fxe3 Bb5 22. Rf2 Rac8 23. Rxc8 Rxc8 24. Rc2 Rxc2 25. Qxc2 Bxe5 26. dxe5 Qd7 27. Qc3 b6 28. Qc2 h6 29. Qc3 Ba6 30. Qc6 Qxc6 31. Bxc6 Kf7 32. Kf2 Bc4 33. g3 Ke7 34. Ke1 Kd8 35. Kd2 Kc7 36. Bf3 g5 37. Kc3 Bf1 38. Kd4 Bb5 39. Bd1 Bc6 40. Bb3 Kd7 41. Bc4 Bf3 42. Bb3 Bc6 43. Bc4 Bf3 44. Bb3 Bb7 1/2-1/2

[Event "Bled op 15th"]
[Site "Bled"]
[Date "1994.??.??"]
[Round "?"]
[White "Krnjovsek, Andrej"]
[Black "Saradjen, Janko"]
[Result "1/2-1/2"]
[WhiteElo "2075"]
[BlackElo "2160"]
[PlyCount "156"]
[EventDate "1994.03.??"]
[EventType "swiss"]
[EventRounds "9"]
[EventCountry "SLO"]
[SourceTitle "TD"]
[Source "ChessBase"]
[SourceDate "1994.03.01"]
[SourceVersion "1"]
[SourceVersionDate "1994.03.01"]
[SourceQuality "1"]

1. e4 a6 2. d4 b5 3. Nf3 Bb7 4. Bd3 Nf6 5. Nbd2 e6 6. 0-0 Be7 7. Re1 d6 8. Nf1 Nbd7 9. Bf4 c5 10. c3 0-0 11. Ng3 Re8 12. Rc1 Rc8 13. Bb1 Nf8 14. Qe2 Qb6 15. Red1 cxd4 16. cxd4 Qa7 17. Rxc8 Rxc8 18. Rc1 Qa8 19. Rxc8 Qxc8 20. Qc2 Qd7 21. Bd2 Bd8 22. Qd3 Bb6 23. Bc3 Ng6 24. Qd2 d5 25. e5 Ne4 26. Qe3 Nxc3 27. Qxc3 a5 28. Ne2 b4 29. Qd2 Ba6 30. Bd3 Bxd3 31. Qxd3 h6 32. Qc2 a4 33. Ne1 Ne7 34. Qd2 Qb5 35. Qc2 Nc6 36. Nf3 Qc4 37. Qxc4 dxc4 38. Kf1 Ba5 39. Nc1 b3 40. axb3 axb3 41. Ke2 c3 42. Nd3 cxb2 43. Nxb2 Bc3 44. Nc4 Nxd4+ 45. Nxd4 Bxd4 46. Kd3 b2 47. Kc2 Bxf2 48. Kxb2 Kh7 49. Kc3 Kg6 50. Kd3 Bg1 51. h3 Kf5 52. Nd6+ Kxe5 53. Nxf7+ Kf4 54. Ke2 Bc5 55. Nd8 Ke5 56. Nc6+ Ke4 57. Na5 e5 58. Nb3 Kd5 59. Nc1 e4 60. Nb3 Bd4 61. Nd2 Ke5 62. Nf1 h5 63. Nd2 Kf4 64. Nf1 g6 65. Kd1 Bb2 66. Ke2 Bc1 67. Kd1 Be3 68. Ke2 Bg1 69. Ke1 e3 70. Ke2 h4 71. Ke1 Ke4 72. Ke2 Kd4 73. g3 Ke4 74. gxh4 Kf4 75. h5 gxh5 76. h4 Kg4 77. Nxe3+ Kxh4 78. Kf3 Kh3 1/2-1/2

[Event "Ljubljana op 4th"]
[Site "Ljubljana"]
[Date "1993.??.??"]
[Round "?"]
[White "Krnjovsek, Andrej"]
[Black "Lejlic, Samir"]
[Result "0-1"]
[WhiteElo "2075"]
[BlackElo "2420"]
[PlyCount "73"]
[EventDate "1993.06.??"]
[EventType "swiss"]
[EventRounds "9"]
[EventCountry "SLO"]
[SourceTitle "EXT 1997"]
[Source "ChessBase"]
[SourceDate "1996.11.15"]
[SourceVersion "1"]
[SourceVersionDate "1996.11.15"]
[SourceQuality "1"]

1. e4 e5 2. Nf3 Nc6 3. Bb5 a6 4. Ba4 Nf6 5. d4 exd4 6. 0-0 Be7 7. Re1 0-0 8. e5 Ne8 9. Nxd4 Nxd4 10. Qxd4 b5 11. Bb3 c5 12. Qe4 Nc7 13. c4 bxc4 14. Bc2 g6 15. Qxc4 Rb8 16. b3 Rb4 17. Qd3 Bb7 18. Nd2 Rd4 19. Qe2 Ne6 20. Nf3 Rg4 21. Be3 Qa8 22. Bd1 f6 23. h3 Rxg2+ 24. Kxg2 fxe5 25. Rc1 Rxf3 26. Qxf3 h5 27. Rc2 Kg7 28. Rd2 Bxf3+ 29. Bxf3 e4 30. Be2 d5 31. Rdd1 Bf6 32. Rc1 d4 33. Bc4 dxe3 34. Bxe6 exf2 35. Red1 Bd4 36. b4 e3+ 37. Kf1 0-1

[Event "SLO-ch U18"]
[Site "Slovenia"]
[Date "1993.??.??"]
[Round "?"]
[White "Krnjovsek, Andrej"]
[Black "Pavasovic, Dusko"]
[Result "0-1"]
[WhiteElo "2075"]
[BlackElo "2295"]
[PlyCount "68"]
[EventDate "1993.??.??"]
[EventType "swiss"]
[EventRounds "11"]
[EventCountry "SLO"]
[SourceTitle "EXT 1997"]
[Source "ChessBase"]
[SourceDate "1996.11.15"]
[SourceVersion "1"]
[SourceVersionDate "1996.11.15"]
[SourceQuality "1"]

1. e4 e5 2. Nf3 Nf6 3. Bc4 Nxe4 4. Nc3 Nxc3 5. dxc3 f6 6. Nh4 g6 7. f4 Qe7 8. f5 Qg7 9. fxg6 hxg6 10. Qg4 Kd8 11. Qg3 g5 12. Nf5 Qh7 13. 0-0 d5 14. Bxd5 Bxf5 15. Rxf5 Qxf5 16. Bxb7 Bd6 17. Qf2 Qxf2+ 18. Kxf2 c6 19. Bxa8 Kc7 20. Be3 Nd7 21. Bxc6 Kxc6 22. Bxa7 Bc5+ 23. Bxc5 Nxc5 24. h3 Na4 25. b3 Nxc3 26. Ke3 Kc5 27. Kd3 Nd5 28. Ke4 Rh4+ 29. Kf3 Rd4 30. a4 e4+ 31. Ke2 Nf4+ 32. Kf2 Rd2+ 33. Kf1 Nxg2 34. c3 e3 0-1